000 00472nam a2200193Ia 4500
003 OSt
005 20240404110449.0
008 210210b1958 xxu||||| |||| 00| 0 eng d
040 _cAL
041 _akan
082 _a859/2160
100 _aSITARAMA SHASTRI
_9158331
245 _aNurjahan:
_bನೂರ್ಜಹಾನ್
260 _aBengaluru
_b-
_c1958
690 _aKannada Fiction
_9158332
700 _aVIRAKESARI
_9158333
906 _a022873
942 _2ddc
_cBK
999 _c147571
_d147571